| Tag |
First Indicator |
Second Indicator |
Subfields |
| LEADER |
00000cam a2200000 4500 |
| 001 |
in00000061108 |
| 005 |
20151008051625.0 |
| 008 |
720222s1953 nyua 00000 eng u |
| 010 |
|
|
|a 53007961
|
| 035 |
|
|
|a (OCoLC)00246366
|
| 035 |
|
|
|9 AAG9032AM
|
| 040 |
|
|
|c WSU
|d TXA
|d UtOrBLW
|
| 049 |
|
|
|a TXAM
|c [222062]
|
| 050 |
|
0 |
|a HG538
|b .H293
|
| 092 |
|
|
|a 332.4973
|b H325d
|
| 100 |
1 |
|
|a Hart, Albert Gailord,
|d 1909-1997.
|
| 245 |
1 |
0 |
|a Defense and the dollar ;
|b Federal credit and monetary policies /
|c With recommendations of the Committee on Economic Stabilization.
|
| 264 |
|
1 |
|a New York :
|b Twentieth Century Fund,
|c 1953.
|
| 300 |
|
|
|a 203 pages
|
| 336 |
|
|
|a text
|b txt
|2 rdacontent
|
| 337 |
|
|
|a unmediated
|b n
|2 rdamedia
|
| 338 |
|
|
|a volume
|b nc
|2 rdacarrier
|
| 650 |
|
0 |
|a Credit
|z United States.
|
| 650 |
|
0 |
|a Currency question
|z United States.
|
| 710 |
2 |
|
|a Twentieth Century Fund.
|
| 710 |
2 |
|
|a Twentieth Century Fund.
|b Committee on Economic Stabilization.
|
| 999 |
|
|
|a MARS
|
| 999 |
f |
f |
|s 85419148-58ad-3506-8dc5-c50e6c64eb7a
|i 081a99e7-4561-379d-8d04-74ae48850fca
|t 0
|
| 952 |
f |
f |
|p ric
|a Texas A&M University
|b Rellis Campus
|c Joint Library Facility
|d Remote Storage
|t 0
|e HG538 .H293
|h Library of Congress classification
|i unmediated -- volume
|m A14800735034
|
| 998 |
f |
f |
|a HG538 .H293
|t 0
|l Remote Storage
|